00333nam a2200121Ia 4500008004100000041000800041082000800049100002300057245007300080260003200153300000800185520001800193221007s9999 xx 000 0 und d aeng bSHI aShinde N (2k71098) 2aA Comprehensive Study on Job satisfaction in Opus Software Solutions c2009bPune UniversityaPune a62p aSonar Pranita